000 00650nam a22002177a 4500
999 _c3771
_d3771
003 AR-CdUCM
008 190307b ||||| |||| 00| 0 spa d
040 _aMUNICIPALIDAD PROVINCIAL DEL CUSCO
_cBIBLIOTECA MUNICIPAL DEL CUSCO
041 _hfr.
082 _a848.9 /
_bK42
100 _aKessel, Joseph
_912184
245 _aEl final de los príncipes /
260 _aBuenos Aires /
_bEdit.Emece,
_c1973.
300 _a241 paginas ;
_c17 cm.
505 _aContenido :Novela francesa /
650 _aLiteratura francesa
_9913
650 _aNovela
_95
700 _aGloria R.de Barttfeld (traductor)
_912185
942 _2ddc
_cLIBROS
945 _arjall